Cartoon Characters Quiz! #10 - Statistics

General Stats
  • This quiz has been taken 56 times
  • The average score is 11 of 16
Answer Stats
Picture Answer % Correct
Bambi
93%
Alvin
90%
Simba
90%
Dumbo
85%
Stitch
83%
The Addams Family
83%
Gru
80%
Curious George
76%
Smurfette
76%
Speedy Gonzales
59%
Calvin
54%
Pepe Le Pew
54%
Hobbes
51%
Mr Magoo
41%
Spike
29%
Chilly Willy
24%
No matching quizzes found
Score Distribution
Percent of People with Each Score
Percentile by Number Answered
Your Score History
You have not taken this quiz